Das auslándische Verwaltungsrecht der Gengenwart / (Record no. 26739)
[ view plain ]
| 000 -LEADER | |
|---|---|
| campo de control de longitud fija | 00723nam a2200193 i 4500 |
| 001 - NÚMERO DE CONTROL | |
| campo de control | 26739 |
| 003 - IDENTIFICADOR DE NÚMERO DE CONTROL | |
| campo de control | ES-MaACL |
| 005 - FECHA Y HORA DE LA ÚLTIMA TRANSACCIÓN | |
| campo de control | 20230906153508.0 |
| 007 - CAMPO FIJO DE DESCRIPCIÓN FÍSICA--INFORMACIÓN GENERAL | |
| campo de control de longitud fija | t| |
| 008 - DATOS DE LONGITUD FIJA--INFORMACIÓN GENERAL | |
| campo de control de longitud fija | 030101s1940 gw ||||1| ger d |
| 245 04 - MENCIÓN DEL TÍTULO | |
| Título | Das auslándische Verwaltungsrecht der Gengenwart / |
| Mención de responsabilidad, etc. | heraugegeben Von Reinhard Hohn unter mitivinkung von Dr. Gunther Bornhousen, Dr Roger Diener mit einen gehiubort von Dr Wilchon Stuchart. |
| 260 ## - PUBLICACIÓN, DISTRIBUCIÓN, ETC. | |
| Lugar de publicación, distribución, etc. | Berlín : |
| Nombre del editor, distribuidor, etc. | Rv Deckers Verla, |
| Fecha de publicación, distribución, etc. | 1940 ( |
| Fabricante | G. Schench) |
| 300 ## - DESCRIPCIÓN FÍSICA | |
| Extensión | XXXI, 330 p. ; |
| Dimensiones | 23 cm. |
| 700 1# - ENTRADA AGREGADA--NOMBRE PERSONAL | |
| Nombre de persona | Hohn, Reinhard. |
| 9 (RLIN) | 63987 |
| 700 1# - ENTRADA AGREGADA--NOMBRE PERSONAL | |
| Nombre de persona | Stuchart, Wilhchon. |
| 9 (RLIN) | 108492 |
| 700 1# - ENTRADA AGREGADA--NOMBRE PERSONAL | |
| Nombre de persona | Bornhousen, Gunther. |
| 9 (RLIN) | 30525 |
| 700 1# - ENTRADA AGREGADA--NOMBRE PERSONAL | |
| Nombre de persona | Verla Diener, Roger. |
| 9 (RLIN) | 114140 |
| 852 ## - LOCALIZACIÓN | |
| Ubicación | ES-MaACL |
| Número de control de estantería | F-15649 |
| Sublocalización o colección | R.19216 |
| Estatus retirado | Estado de pérdida | Estado de daño | No para préstamo | Biblioteca de origen | Biblioteca actual | Ubicación en estantería | Fecha de adquisición | Fuente de adquisición | Total de préstamos | Signatura topográfica completa | Código de barras | Visto por última vez | Precio de reemplazo | Tipo de ítem Koha |
|---|---|---|---|---|---|---|---|---|---|---|---|---|---|---|
| Biblioteca del Ateneo de Madrid | Biblioteca del Ateneo de Madrid | Sala Pecera Planta 2 | 17/01/2008 | F-15649 | 1027596 | 23/02/2023 | 23/02/2023 | Libro impreso |
